00387nam a2200121Ia 4500008004000000020001800040082001300058100002800071245007600099260003400175300001100209650004500220210210b1993 xxu||||| |||| 00| 0 eng d a81 224 0523 1 a530 GAMF aGAMBHIR (R S) & others. aFoundations of physics. V2 (Electromagnetics, optics & modern physics). aNDbWiley Eastern Ltd.c1993 aix,278 aElectromagnetics optics modern physics